00293nam a2200121Ia 4500008004100000041000800041082001200049100001600061245002100077260004700098300001900145365000700164240624s9999 xx 000 0 und d aeng a823 NAR aNARAYAN R K aBACHELOR OF ARTS c2003aChennaibIndian Thought Publications a166 : cm. ; 22 cRS